Charles de Gaulle <Der> Magier im Elysee

Salvato in:
Dettagli Bibliografici
Autore principale: Weisenfeld, Ernst
Natura: Libro
Lingua:tedesco
Pubblicazione: München Beck 1990
Edizione:1. Aufl.
Soggetti:
Tags: Aggiungi Tag
Nessun Tag, puoi essere il primo ad aggiungerne!!

MARC

LEADER 00000nam a2200000 4500
001 c000542
005 20221215125339.3
020 |a 3-406-34678-2 
041 0 |a ger 
044 |a DE 
245 1 0 |a Charles de Gaulle  |b <Der> Magier im Elysee  |c Ernst Weisenfeld 
250 |a 1. Aufl. 
264 1 |a München  |b Beck  |c 1990 
300 |a 144 s. 
610 2 0 |a Gaulle, Ch.de 
610 2 0 |a životopisy 
610 2 0 |a politika vnútorná 
610 2 0 |a politika svetová 
610 2 0 |a Francúzsko 
610 2 0 |a história 
100 1 |a Weisenfeld, Ernst